| 000 | 00695nam a2200229 a 4500 | ||
|---|---|---|---|
| 005 | 20240808063846.0 | ||
| 008 | 060316s2002 mx r 000 0 spa d | ||
| 020 | _a9871105142 | ||
| 035 | _aUPN01000143285 | ||
| 049 | _aCG | ||
| 050 | 4 |
_aQL563 _bF6.5 |
|
| 100 | 1 | _aFolgarait, Patricia J. | |
| 245 | 1 | 3 |
_aUn mundo de hormigas / _cPatricia J. Folgarait, Alejandro G. Farji-Brener. |
| 260 |
_aBuenos, Aires : _bSiglo XXI : _bUniversidad Nacional de Quilmes, _c2002. |
||
| 300 |
_a54 p. : _bil. |
||
| 440 | 0 | _aCiencia que ladra | |
| 650 | 4 |
_aHORMIGAS _910970 |
|
| 650 | 4 |
_aInsectos _910969 |
|
| 650 | 4 |
_aENTOMOLOGIA _910971 |
|
| 700 | 1 |
_aFarji-Brener, Alejandro G., _ecoaut. |
|
| 905 | _aLibro | ||
| 999 |
_c115432 _d115432 |
||